Guess the WWE Wrestler by their Real Name - Statistics

General Stats
  • This quiz has been taken 1,163 times
  • The average score is 20 of 30
Answer Stats
Ring Name Real Name % Correct
Dwayne Johnson The Rock
95%
Leati 'Joe' Anoa'i Roman Reigns
92%
Logan Paul Logan Paul
90%
Dave Bautista Batista
88%
Paul Levesque Triple H
88%
Adam Copeland Edge
87%
Mark Calaway The Undertaker
81%
Franklin Lashley Bobby Lashley
79%
Kevin Steen Kevin Owens
78%
Bianca Crawford Bianca Belair
77%
Dustin Runnels Dustin Rhodes / Goldust
77%
Rebecca Quin Becky Lynch
76%
Colby Lopez Seth Rollins
75%
Phillip Brooks CM Punk
74%
Virgil Runnels Jr. Dusty Rhodes
69%
Terry Bollea Hulk Hogan
65%
André Roussimoff Andre the Giant
63%
Ashley Fliehr Charlotte Flair
63%
Andrew Galloway IV Drew Mcintyre
63%
Solofa Fatu Jr. Rikishi
61%
Curtis Hennig Mr. Perfect
58%
Demi Bennett Rhea Ripley
54%
Óscar Rubio Rey Mysterio
53%
Randy Poffo 'Macho Man' Randy Savage
51%
Christopher Irvine Chris Jericho
50%
Kanako Urai Asuka
49%
Stephen Farrelly Sheamus
41%
Thomas Pestock Baron Corbin
35%
James Hellwig The Ultimate Warrior
35%
Mark LoMonaco Bubba Ray Dudley
22%
No matching quizzes found
Score Distribution
Percent of People with Each Score
Percentile by Number Answered
Your Score History
You have not taken this quiz